Drake Collaborations Quiz - Statistics

General Stats
  • This quiz has been taken 59 times
  • The average score is 6 of 7
Answer Stats
Question Answer % Correct
Select the rapper that has NOT collaborated with Drake Tyler the Creator
98%
Select the artist that has NOT collaborated with Drake Juice WRLD
96%
Which artist has NOT made a collab album with Drake Lil Wayne
94%
Which artist did NOT collaborate with Drake on the song Forever Jay Z
84%
Select the artist which did NOT collaborate with Drake on his album Take Care J Cole
75%
Select the artist which HAS collaborated with Drake Michael Jackson
75%
Which album does Drake NOT feature on Live.Love.A$AP
31%
No matching quizzes found
Score Distribution
Percent of People with Each Score
Percentile by Number Answered
Your Score History
You have not taken this quiz